Normal view
MARC view
- Biography of Oscar Wilde
Entry Topical Term
001 - CONTROL NUMBER
- control field: 108052
003 - CONTROL NUMBER IDENTIFIER
- control field: NUST
005 - DATE AND TIME OF LATEST TRANSACTION
- control field: 20230130125823.0
008 - FIXED-LENGTH DATA ELEMENTS
- fixed length control field: 230130|| aca||aabn | a|a d
040 ## - CATALOGING SOURCE
- Original cataloging agency: NUST
- Transcribing agency: NUST
150 ## - HEADING--TOPICAL TERM
- Topical term or geographic name entry element: Biography of Oscar Wilde
670 ## - SOURCE DATA FOUND
- Source citation: Work cat.: (NUST)187156: Sherard, Robert Harborough, 108051, The life of Oscar Wilde:, 1906
